[Event "?"]
[Site "masterchessopen.com Mexico"]
[Round "0"]
[White "Dorfman Iossif D (FRA)"]
[Black "Fernandez Cazorla Antonio (ESP)"]
[Result "1-0"]
[WhiteElo "2455"]
[BlackElo "2246"]

1.Nf3 Nf6 2.c4 g6 3.d4 Bg7 4.Nc3 O-O 5.e4 d6 6.Be2 e5 7.O-O Nc6 8.d5 Ne7 9.Ne1
Ne8 10.f3 c5 11.Rb1 f5 12.g4 h5 13.g5 h4 14.Nd3 f4 15.Kh1 Kf7 16.Rg1 Rh8 17.b4
b6 18.bxc5 bxc5 19.Qa4 Bf8 20.Nb5 Ng7 21.Bb2 Nh5 22.Nxd6+ Kg8 23.Bxe5 Bg7
24.Kg2 {#r} 1-0

[Event "Alpenpokal"]
[Site "masterchessopen.com Oberstdorf (Germany)"]
[Round "4"]
[White "Merkel Gerd (GER)"]
[Black "Bierwisch Bernhard (GER)"]
[Result "1-0"]
[WhiteElo "2185"]
[BlackElo "2201"]

1.d4 Nf6 2.c4 g6 3.Nc3 Bg7 4.e4 d6 5.Nf3 O-O 6.Be2 e5 7.O-O Nc6 8.d5 Ne7 9.Ne1
Ne8 10.Nd3 f5 11.Bd2 Nf6 12.f3 c5 13.a3 a5 14.Rb1 b6 15.Nf2 h5 16.b4 axb4
17.axb4 Kh7 18.bxc5 bxc5 19.Nh3 Bh6 20.Ng5+ Bxg5 21.Bxg5 Kg7 22.Ra1 Bd7
23.Bxf6+ Rxf6 24.f4 Rxa1 25.Qxa1 Qc7 26.fxe5 dxe5 27.exf5 Rxf5 28.Ne4 Rxf1+
29.Bxf1 {#r} 1-0

[Event "Bayern Landesliga North"]
[Site "masterchessopen.com Germany"]
[Round "6"]
[White "Luft Josef"]
[Black "Saenger Ekkehardt (GER)"]
[Result "1-0"]
[WhiteElo "2150"]
[BlackElo "2117"]

1.d4 Nf6 2.Nf3 g6 3.c4 Bg7 4.Nc3 O-O 5.e4 d6 6.Be2 e5 7.O-O Nc6 8.d5 Ne7 9.Ne1
a5 10.Bd2 Ne8 11.a3 f5 12.f3 f4 13.Nd3 g5 14.b4 axb4 15.axb4 Rxa1 16.Qxa1 Nf6
17.Nf2 h5 18.h3 Kh7 19.c5 Neg8 20.Qa5 dxc5 21.bxc5 Nh6 22.Nb5 b6 23.cxb6 cxb6
24.Qa7 Rf7 25.Qb8 g4 26.hxg4 hxg4 27.fxg4 Rb7 28.Qa8 Nf7 29.Rc1 Bd7 30.Qxb7
{#r} 1-0

[Event "Bayern Landesliga North 2004/05"]
[Site "masterchessopen.com Bayern (Germany)"]
[Date "2004.12.12"]
[Round "4"]
[White "Wetscherek Andreas (GER)"]
[Black "Kopp Andre (GER)"]
[Result "0-1"]
[WhiteElo "2352"]
[BlackElo "2236"]

1.d4 Nf6 2.Nf3 g6 3.c4 Bg7 4.Nc3 O-O 5.e4 d6 6.Be2 e5 7.O-O Nc6 8.d5 Ne7 9.Ne1
Ne8 10.Nd3 f5 11.f3 f4 12.c5 h5 13.Bd2 g5 14.Rc1 Ng6 15.Nb5 Rf7 16.Ba5 b6
17.cxb6 axb6 18.Be1 Bh6 19.Rc3 Rg7 20.Nb4 g4 21.fxg4 Qg5 22.h4 Nxh4 23.Rh3
Nxg2 24.Rxh5 Qxh5 25.gxh5 Ne3+ 26.Kh2 Nxd1 27.Bxd1 Nf6 28.Bh4 Nxe4 29.Bc2 Nd2
30.Rf2 f3 31.Nc6 Bf4+ 32.Kh1 Rxa2 33.Ne7+ Rxe7 34.Rxd2 Bxd2 35.Bxe7 Ra1+ {#R}
0-1

[Event "Bayern Landesliga South 2000/01"]
[Site "masterchessopen.com Germany"]
[Round "7"]
[White "Riehl Joerg"]
[Black "Hackbarth Wolfgang (AUT)"]
[Result "0-1"]
[WhiteElo "1990"]
[BlackElo "2152"]

1.d4 Nf6 2.c4 g6 3.Nc3 Bg7 4.e4 d6 5.Be2 O-O 6.Nf3 e5 7.O-O Nc6 8.d5 Ne7 9.Ne1
Ne8 10.Be3 f5 11.f3 Rf7 12.c5 f4 13.Bf2 g5 14.Rc1 Ng6 15.cxd6 cxd6 16.Nb5 a6
17.Na3 b5 18.Nac2 h5 19.Nb4 Bh6 20.Nc6 Qf6 21.Rc3 Rg7 22.Bb6 Nf8 23.Qc2 Bd7
24.Nd3 g4 25.fxg4 hxg4 26.g3 f3 27.Bd1 Bg5 28.a4 Qh6 29.Qf2 Nf6 30.Bc2 Nxe4
31.Qe1 Qh3 32.Qxe4 Qg2# 0-1

[Event "Bayern Regionalliga Northeast"]
[Site "masterchessopen.com Germany"]
[Round "8"]
[White "Humphreys Christian"]
[Black "Peter Christian (GER)"]
[Result "1-0"]
[WhiteElo "1855"]
[BlackElo "2169"]

1.d4 Nf6 2.c4 g6 3.Nc3 Bg7 4.e4 O-O 5.Nf3 d6 6.Be2 e5 7.O-O Nc6 8.d5 Ne7 9.Ne1
Nh5 10.Bxh5 gxh5 11.Qxh5 Ng6 12.Nd3 f5 13.f4 fxe4 14.Nxe4 exf4 15.Bxf4 Nxf4
16.Nxf4 Rf5 17.Qe2 Qh4 18.g3 Qe7 19.Rae1 Bd7 20.Nh5 Bd4+ 21.Kh1 Kh8 22.Rxf5
Bxf5 23.Nef6 Qf8 24.Rf1 Bg6 25.Rf4 Be5 26.Nd7 Qh6 27.Nxe5 Bxh5 28.Nf7+ Bxf7
29.Rxf7 Qg6 30.Qe7 Qb1+ 31.Kg2 Qxb2+ 32.Kh3 Qc2 33.Qf6+ {#r} 1-0

[Event "Bayern Regionalliga Southeast 2004/05"]
[Site "masterchessopen.com Bayern (Germany)"]
[Date "2005.01.16"]
[Round "5"]
[White "Penn Peter"]
[Black "Heubusch Michael (GER)"]
[Result "0-1"]
[WhiteElo "1908"]
[BlackElo "2156"]

1.d4 Nf6 2.Nf3 g6 3.c4 Bg7 4.Nc3 O-O 5.e4 d6 6.Be2 e5 7.O-O Nc6 8.d5 Ne7 9.Ne1
Ne8 10.f3 f5 11.g4 Kh8 12.Nd3 c5 13.a3 Ng8 14.Bd2 a6 15.b4 b6 16.Rb1 Ra7
17.Be3 Bh6 18.Bf2 fxg4 19.fxg4 Raf7 20.bxc5 bxc5 21.Rb8 Qc7 22.Qb3 Nef6 23.h3
Nd7 24.Rb1 Nxb8 25.Qxb8 Qe7 26.Rb6 Rxf2 27.Nxf2 Qh4 28.Ncd1 Qg3+ 29.Kf1 Rxf2+
30.Nxf2 Be3 31.Ke1 Qg1+ {#R} 0-1

[Event "Bayern Regionalliga Southwest"]
[Site "masterchessopen.com Germany"]
[Round "5"]
[White "Jermann Frank Dr (GER)"]
[Black "Stuhler Josef (GER)"]
[Result "1-0"]
[WhiteElo "2242"]
[BlackElo "1965"]

1.d4 Nf6 2.Nf3 g6 3.c4 Bg7 4.Nc3 d6 5.e4 O-O 6.Be2 e5 7.O-O Nc6 8.d5 Ne7 9.Ne1
c5 10.Nd3 a6 11.f3 Nd7 12.Rb1 f5 13.b4 b6 14.Bd2 Qc7 15.bxc5 Nxc5 16.Nxc5 bxc5
17.Qb3 Bd7 18.Qb6 Ra7 19.Qxc7 Rxc7 20.Rb6 Ra8 21.Rfb1 Nc8 22.Rb8 Rxb8 23.Rxb8
Kf7 24.Bd1 Bf6 25.Na4 Ra7 26.Ba5 Bxa4 27.Bxa4 Ne7 28.Bb6 {#r} 1-0

[Event "Bundesliga (2nd) West 1992/93"]
[Site "masterchessopen.com Germany"]
[Round "0"]
[White "Kamp Christoph (GER)"]
[Black "Gupta Milon (GER)"]
[Result "1-0"]
[WhiteElo "2265"]
[BlackElo "2270"]

1.c4 g6 2.Nc3 Bg7 3.d4 Nf6 4.e4 d6 5.Be2 O-O 6.Nf3 e5 7.O-O Nc6 8.d5 Ne7 9.Ne1
Ne8 10.Nd3 f5 11.Bd2 Nf6 12.f3 Kh8 13.b4 Neg8 14.c5 Bh6 15.Rc1 Bxd2 16.Qxd2 f4
17.Nb5 Rf7 18.Rc3 h5 19.Rfc1 a6 20.cxd6 axb5 21.Nxe5 Rg7 22.Rxc7 Qxd6 23.Nf7+
Rxf7 24.Rxf7 Bd7 25.Qb2 Re8 26.Rc5 Re5 27.Bxb5 b6 28.Rxd7 Nxd7 29.Rc6 Qb8
30.Re6 Ngf6 31.Bxd7 Nxd7 32.Re7 {#r} 1-0

[Event "Bundesliga (juniors) (North) East 1997/98"]
[Site "masterchessopen.com Germany"]
[Round "0"]
[White "Kiesekamp Marcos (GER)"]
[Black "Herrmann Carsten (GER)"]
[Result "1-0"]
[WhiteElo "2315"]
[BlackElo "2039"]

1.c4 Nf6 2.Nf3 g6 3.Nc3 Bg7 4.d4 O-O 5.e4 d6 6.Be2 e5 7.O-O Nc6 8.d5 Ne7 9.Ne1
Ne8 10.f4 exf4 11.Bxf4 h6 12.Nf3 g5 13.Be3 Ng6 14.Nd4 Ne5 15.Nf5 Bxf5 16.Rxf5
Nf6 17.Qf1 Nfd7 18.Qf2 Qe7 19.Rf1 a6 20.Bh5 b5 21.cxb5 axb5 22.Nxb5 Rxa2
23.Nd4 Ng6 24.Qc2 Nde5 25.Qb3 Ra6 26.R5f2 Rb6 27.Qc2 Rfb8 28.Nf5 Qd7 29.Bxb6
cxb6 30.Bxg6 fxg6 31.Nxg7 Kxg7 32.Qc3 Re8 33.Rf7+ Qxf7 34.Rxf7+ Kxf7 35.Qc7+
{#r} 1-0

[Event "Bundesliga 1982/83"]
[Site "masterchessopen.com Germany"]
[Round "0"]
[White "Huebner Robert Dr (GER)"]
[Black "Herbrechtsmeier Christof (GER)"]
[Result "1-0"]
[WhiteElo "2620"]
[BlackElo "2273"]

1.Nf3 Nf6 2.c4 g6 3.Nc3 Bg7 4.e4 d6 5.d4 O-O 6.Be2 e5 7.O-O Nc6 8.d5 Ne7 9.Ne1
Ne8 10.Nd3 f5 11.f4 c6 12.fxe5 dxe5 13.Bg5 h6 14.Bh4 cxd5 15.cxd5 Nd6 16.Nc5
Qc7 17.Bf2 b6 18.Ne6 Bxe6 19.dxe6 Nxe4 20.Nxe4 fxe4 21.Rc1 Qb7 22.Qd7 Qxd7
23.exd7 Nf5 24.Rfe1 Rfd8 25.Rc7 Kf8 26.Bb5 Ke7 27.g4 a6 28.Bc6 Kd6 29.Bxb6
Rab8 30.gxf5 Rxb6 31.Rc8 Bf6 32.fxg6 Rb8 33.Rd1+ Ke7 34.Rxb8 Rxb8 35.Bxe4 {#r}
1-0

[Event "Bundesliga 1991/92 (w)"]
[Site "masterchessopen.com Germany"]
[Round "0"]
[White "Micheel Astrid (GER)"]
[Black "Heyme Sibylle (GER)"]
[Result "0-1"]
[WhiteElo "2075"]
[BlackElo "2110"]

1.d4 Nf6 2.c4 g6 3.Nc3 Bg7 4.e4 d6 5.Be2 O-O 6.Nf3 e5 7.O-O Nc6 8.d5 Ne7 9.Ne1
Ne8 10.Be3 f5 11.f3 f4 12.Bf2 g5 13.c5 Kh8 14.b4 Ng8 15.Rb1 Ngf6 16.b5 h5
17.h3 Rg8 18.b6 cxb6 19.cxb6 a6 20.Rb3 Bh6 21.Na4 g4 22.hxg4 hxg4 23.fxg4 Nxg4
24.Bxg4 Bxg4 25.Nf3 Qd7 26.Rc3 Qg7 27.Kh2 Bf5 28.Ne1 Bxe4 29.g3 Nf6 30.Qe2
Bxd5 31.Ng2 Ne4 32.Rc7 fxg3+ 33.Kg1 gxf2+ 34.Rxf2 Qg6 35.Qc2 {#R} 0-1

[Event "Bundesliga 1995/96"]
[Site "masterchessopen.com Germany"]
[Round "0"]
[White "Vaganian Rafael A (ARM)"]
[Black "Hausrath Daniel (GER)"]
[Result "1-0"]
[WhiteElo "2595"]
[BlackElo "2440"]

1.Nf3 Nf6 2.c4 g6 3.Nc3 Bg7 4.e4 d6 5.d4 O-O 6.Be2 e5 7.O-O Nc6 8.d5 Ne7 9.Ne1
c5 10.Nd3 Ne8 11.b4 b6 12.a4 f5 13.f3 Nf6 14.Be3 f4 15.Bf2 h5 16.a5 Bd7
17.axb6 axb6 18.Rxa8 Qxa8 19.Qa1 Qd8 20.Qa6 Ne8 21.Rb1 g5 22.bxc5 bxc5 23.Qb6
Qa8 24.Rb2 Qa1+ 25.Be1 Qa8 26.Ra2 Qc8 27.Ra7 Rf7 28.Rb7 {#r} 1-0

[Event "Bundesliga 1996/97 (w)"]
[Site "masterchessopen.com Germany"]
[Round "0"]
[White "Litynska Marta (UKR)"]
[Black "Heyme Sibylle (GER)"]
[Result "1-0"]
[WhiteElo "2335"]
[BlackElo "2110"]

1.d4 Nf6 2.c4 g6 3.Nc3 Bg7 4.e4 d6 5.Nf3 O-O 6.Be2 e5 7.O-O Nc6 8.d5 Ne7 9.Ne1
Ne8 10.Nd3 c5 11.f4 exf4 12.Bxf4 f6 13.Qd2 b6 14.Rae1 Bd7 15.Kh1 a6 16.a4 g5
17.Bg3 Ng6 18.Bd1 Qe7 19.Bc2 Rd8 20.Qd1 Nc7 21.a5 Na8 22.Qa1 Rb8 23.axb6 Rxb6
24.Qa5 Rfb8 25.Na4 Bxa4 26.Bxa4 Nc7 27.b4 cxb4 28.c5 dxc5 29.d6 Rxd6 30.Bxd6
Qxd6 31.Nxc5 Bf8 32.Nd7 Rc8 33.Rd1 Qe7 34.Nxf6+ {#r} 1-0

[Event "Bundesliga B East 2009/10"]
[Site "masterchessopen.com Austria"]
[Date "2009.10.18"]
[Round "2"]
[White "Lipp Alfred (AUT)"]
[Black "Petschar Hans (AUT)"]
[Result "0-1"]
[WhiteElo "2091"]
[BlackElo "2096"]

1.c4 Nf6 2.Nc3 g6 3.e4 d6 4.d4 Bg7 5.Nf3 O-O 6.Be2 e5 7.O-O Nc6 8.d5 Ne7 9.Ne1
Ne8 10.Be3 f5 11.f3 f4 12.Bf2 g5 13.c5 Kh8 14.a4 a5 15.Rc1 Ng8 16.Nb5 Ngf6
17.cxd6 cxd6 18.Na7 Bd7 19.Bb5 g4 20.Bxd7 Qxd7 21.Bb6 Rg8 22.Kh1 gxf3 23.gxf3
Nh5 24.Rg1 Qh3 25.Rg2 Bf6 26.Rxg8+ Kxg8 27.Nd3 Bh4 28.b3 Kh8 29.Nb2 Nef6
30.Nc4 Rg8 31.Rc2 Ng3+ 32.Kg1 Ne2+ 33.Kh1 {#R} 0-1

[Event "Bundesliga B Mitte 2005/06"]
[Site "masterchessopen.com Austria"]
[Date "2005.10.09"]
[Round "2"]
[White "Wilfling Hermann (AUT)"]
[Black "Mittermayr Gerhard (AUT)"]
[Result "0-1"]
[WhiteElo "2182"]
[BlackElo "2167"]

1.d4 Nf6 2.c4 g6 3.Nc3 Bg7 4.e4 d6 5.Nf3 O-O 6.Be2 Nc6 7.O-O e5 8.d5 Ne7 9.Ne1
Ne8 10.Be3 f5 11.f3 f4 12.Bf2 h5 13.c5 g5 14.Rc1 Rf7 15.Nb5 a6 16.cxd6 cxd6
17.Nc3 Nf6 18.Na4 g4 19.Nb6 Rb8 20.Nxc8 Rxc8 21.Nd3 Rxc1 22.Qxc1 Ng6 23.Qd2 h4
24.Kh1 g3 25.Bg1 h3 26.hxg3 Nh5 27.Rc1 Nxg3+ 28.Kh2 Qg5 29.gxh3 Nh4 30.Ne1 Bf8
31.Bd3 Rh7 32.Qf2 Nhf5 33.Bf1 Nxf1+ 34.Qxf1 Qg3+ {#R} 0-1

[Event "Ch American Continental"]
[Site "masterchessopen.com Mar del Plata (Argentina)"]
[Date "2012.10.14"]
[Round "3"]
[White "De Souza Monteiro Marcos Paulo (BRA)"]
[Black "Rodriguez Carolina (COL)"]
[Result "1-0"]
[WhiteElo "2040"]
[BlackElo "1776"]

1.d4 Nf6 2.c4 g6 3.Nc3 Bg7 4.e4 d6 5.Nf3 O-O 6.Be2 e5 7.O-O Nc6 8.d5 Ne7 9.Ne1
Ne8 10.Be3 f5 11.f3 f4 12.Bf2 g5 13.b4 Rf7 14.c5 h5 15.cxd6 cxd6 16.Nb5 Ng6
17.Nxa7 Bd7 18.Nb5 Bf8 19.Nc3 Nf6 20.h3 h4 21.Bb5 Bc8 22.Na4 Nh5 23.Nb6 Rb8
24.Nxc8 Rxc8 25.Nd3 Ng3 26.Re1 Rc3 27.Qd2 Qc8 28.Nc5 Rxc5 29.bxc5 dxc5 30.d6
b6 31.Bc4 {#r} 1-0

[Event "Ch Argentina (team)"]
[Site "masterchessopen.com Argentina"]
[Date "2007.08.18"]
[Round "2"]
[White "Goldwaser Christian (ARG)"]
[Black "Lallee Cristian (ARG)"]
[Result "1-0"]
[WhiteElo "2331"]
[BlackElo "2147"]

1.Nf3 Nf6 2.c4 g6 3.Nc3 Bg7 4.e4 d6 5.d4 O-O 6.Be2 e5 7.O-O Nc6 8.d5 Ne7 9.Ne1
Ne8 10.Nd3 f5 11.f4 Nf6 12.fxe5 dxe5 13.Nf2 c5 14.a3 b6 15.b4 cxb4 16.axb4
fxe4 17.Nfxe4 Nf5 18.Nxf6+ Bxf6 19.Ne4 Be7 20.c5 bxc5 21.bxc5 Nd4 22.Bc4 Kg7
23.d6 Bh4 24.Bd5 Bf5 25.Be3 Ne6 26.Qd2 {#r} 1-0

[Event "Ch Argentina (team)"]
[Site "masterchessopen.com Buenos Aires (Argentina)"]
[Date "2009.06.19"]
[Round "8"]
[White "Pagano Marcelo (ARG)"]
[Black "Pichot Alan (ARG)"]
[Result "0-1"]
[WhiteElo "2049"]
[BlackElo "1984"]

1.d4 Nf6 2.c4 g6 3.Nc3 Bg7 4.e4 d6 5.Nf3 O-O 6.Be2 e5 7.O-O Nc6 8.d5 Ne7 9.Ne1
Ne8 10.Be3 f5 11.f3 f4 12.Bf2 g5 13.Rc1 Ng6 14.c5 Rf7 15.cxd6 cxd6 16.Nb5 Nf6
17.Nxa7 Bd7 18.a4 g4 19.Qb3 g3 20.Bb6 gxh2+ 21.Kxh2 Qe7 22.Rc7 Nh5 23.Bd3 Ng3
24.Rxb7 Nxf1+ 25.Bxf1 Qh4+ 26.Kg1 Bxa4 27.Qxa4 Rxb7 28.Qa6 Rxb6 29.Qxb6 Qxe1
30.b4 Qe3+ 31.Qxe3 fxe3 32.Nc6 Ra1 {#R} 0-1

[Event "Ch Armed Forces (open)"]
[Site "masterchessopen.com Orel (Russia)"]
[Round "2"]
[White "Neverov Valeriy (UKR)"]
[Black "Zaitsev Igor A (RUS)"]
[Result "1-0"]
[WhiteElo "2470"]
[BlackElo "2460"]

1.d4 Nf6 2.c4 g6 3.Nc3 Bg7 4.e4 d6 5.Nf3 O-O 6.Be2 e5 7.O-O Nc6 8.d5 Ne7 9.Ne1
Bd7 10.Nd3 c6 11.f4 cxd5 12.cxd5 Rc8 13.fxe5 dxe5 14.Qb3 Rxc3 15.bxc3 Nxe4
16.Ba3 Nd2 17.Qxb7 Nxf1 18.Rxf1 e4 19.Nc5 Bc8 20.Qxa7 Nxd5 21.Rd1 Qh4 22.g3
Qg5 23.Nxe4 Qe5 24.Bxf8 Qxe4 25.Rf1 Bf6 26.Bf3 Qd3 27.Bc5 Nxc3 28.Qb8 Bd4+
29.Bxd4 Qxd4+ 30.Kh1 Qc4 31.Rc1 Qa6 32.Bg2 Qe6 33.h3 {#r} 1-0

[Event "Ch Asia (juniors) (under 20) (g)"]
[Site "masterchessopen.com Macau"]
[Round "0"]
[White "Khegai Angela (SIN)"]
[Black "Ibrahim Eliza Hanum (MAS)"]
[Result "0-1"]
[WhiteElo "2205"]
[BlackElo "2000"]

1.d4 Nf6 2.Nf3 g6 3.c4 Bg7 4.Nc3 d6 5.e4 O-O 6.Be2 e5 7.O-O Nc6 8.d5 Ne7 9.Ne1
a5 10.a3 Nd7 11.f3 f5 12.g4 f4 13.Rb1 g5 14.b4 b6 15.Nd3 h5 16.h3 hxg4 17.hxg4
Qe8 18.Nb5 Qd8 19.Qc2 Rf6 20.c5 Rh6 21.cxd6 cxd6 22.bxa5 bxa5 23.Nc7 Rb8
24.Bd2 a4 25.Ne6 Qe8 26.Qxa4 Rxb1 27.Rxb1 Qg6 28.Bf1 Qh7 29.Bg2 Bf6 30.Rb8 Qf7
31.Qxd7 {#R} 0-1

[Event "Ch Asturia (team) 1999/00"]
[Site "masterchessopen.com Spain"]
[Round "8"]
[White "Sierra Canosa Francisco (ESP)"]
[Black "Diaz Caramazana Jose Antonio (ESP)"]
[Result "1-0"]
[WhiteElo "2129"]
[BlackElo "1907"]

1.d4 Nf6 2.Nf3 g6 3.c4 Bg7 4.Nc3 O-O 5.e4 d6 6.Be2 e5 7.O-O Nc6 8.d5 Ne7 9.Ne1
a5 10.Be3 Ne8 11.c5 f5 12.f3 f4 13.Bf2 g5 14.Rc1 Rf7 15.cxd6 cxd6 16.Qb3 Bf8
17.Bb6 a4 18.Nxa4 {#r} 1-0

[Event "Ch BRD (juniors) (under 20)"]
[Site "masterchessopen.com Dortmund (Germany)"]
[Round "8"]
[White "Kabisch Thilo (GER)"]
[Black "Thiery Christophe (FRA)"]
[Result "1-0"]
[WhiteElo "2313"]
[BlackElo "2030"]

1.d4 Nf6 2.c4 g6 3.Nc3 Bg7 4.e4 d6 5.Be2 O-O 6.Nf3 Nc6 7.O-O e5 8.d5 Ne7 9.Ne1
Ne8 10.Be3 b6 11.b4 f5 12.f3 f4 13.Bf2 g5 14.Nd3 Ng6 15.c5 Rf7 16.cxd6 cxd6
17.Rc1 h5 18.h3 Nf6 19.Qc2 g4 20.fxg4 hxg4 21.hxg4 Nxg4 22.Nb5 f3 23.Bxf3 Rxf3
24.gxf3 Qg5 25.fxg4 Qxg4+ 26.Bg3 Qxg3+ 27.Qg2 Qxd3 28.Rc3 Qxb5 29.Qxg6 Qd7
30.Rf5 Qe7 31.Rg5 a5 32.b5 Rb8 33.a4 Ra8 34.Rf3 Qd7 35.Rgf5 {#r} 1-0

[Event "Ch Belgium (team) 1997/98"]
[Site "masterchessopen.com Belgium"]
[Round "4"]
[White "Houdart Robert (BEL)"]
[Black "Goossens Etienne (BEL)"]
[Result "0-1"]
[WhiteElo "2101"]
[BlackElo "2219"]

1.d4 Nf6 2.Nf3 g6 3.c4 Bg7 4.Nc3 O-O 5.e4 d6 6.Be2 e5 7.O-O Nc6 8.d5 Ne7 9.Ne1
Ne8 10.Nd3 f5 11.Bd2 Kh8 12.Rc1 Ng8 13.f4 exf4 14.exf5 Bd4+ 15.Kh1 g5 16.g4 c6
17.h4 h6 18.Bf3 Ne7 19.Kg2 Bxf5 20.gxf5 Nxf5 21.dxc6 g4 22.Bxg4 Qxh4 23.Bxf4
Rg8 24.Rf3 Rxg4+ 25.Kf1 Rg1+ 26.Ke2 Rxd1 27.Rxd1 bxc6 28.Ne4 Nf6 29.Nxf6 Bxf6
{#R} 0-1

[Event "Ch Belgium (team) 1998/99"]
[Site "masterchessopen.com Belgium"]
[Round "4"]
[White "Duhayon Yves (BEL)"]
[Black "Craps Ben (BEL)"]
[Result "0-1"]
[WhiteElo "2145"]
[BlackElo "2210"]

1.d4 Nf6 2.c4 g6 3.Nc3 Bg7 4.e4 d6 5.Nf3 O-O 6.Be2 e5 7.O-O Nc6 8.d5 Ne7 9.Ne1
c5 10.Nd3 Nd7 11.f4 f5 12.Kh1 a6 13.g4 b5 14.exf5 gxf5 15.gxf5 bxc4 16.Nf2
Nxf5 17.Rg1 Kh8 18.Nfe4 Rb8 19.Ng5 Nd4 20.Bxc4 Qe7 21.Nce4 exf4 22.Qh5 h6
23.Qg6 hxg5 24.Rxg5 Ne5 {#R} 0-1

[Event "Ch Belgium (team) 1998/99"]
[Site "masterchessopen.com Belgium"]
[Round "8"]
[White "Duhayon Yves (BEL)"]
[Black "Van Theemsche Achim (BEL)"]
[Result "1-0"]
[WhiteElo "2139"]
[BlackElo "2216"]

1.d4 Nf6 2.c4 g6 3.Nc3 Bg7 4.e4 d6 5.Nf3 O-O 6.Be2 e5 7.O-O Nc6 8.d5 Ne7 9.Ne1
a5 10.Be3 b6 11.a3 Ne8 12.b4 axb4 13.axb4 Rxa1 14.Qxa1 f5 15.f3 f4 16.Bf2 g5
17.c5 bxc5 18.bxc5 Ng6 19.Qa5 Bf6 20.Nd3 h5 21.Rb1 Ng7 22.Rb8 dxc5 23.Nb5 Be7
24.Na7 Qd7 25.Nxc5 {#r} 1-0

[Event "Ch Belgrade (team) (Premijer liga)"]
[Site "masterchessopen.com Belgrade (Serbia)"]
[Date "2012.10.09"]
[Round "8"]
[White "Nenezic Marko (SRB)"]
[Black "Popovic Aleksandar M (SRB)"]
[Result "1-0"]
[WhiteElo "2345"]
[BlackElo "2274"]

1.Nf3 g6 2.c4 Bg7 3.e4 d6 4.d4 Nf6 5.Nc3 O-O 6.Be2 e5 7.O-O Nc6 8.d5 Ne7 9.Ne1
Ne8 10.Nd3 f5 11.Bd2 f4 12.c5 h5 13.Rc1 Kh8 14.a4 Ng8 15.Nb5 a6 16.Na3 Qe7
17.Nc4 Ngf6 18.cxd6 Nxd6 19.Ncxe5 Kh7 20.Nxg6 Kxg6 21.e5 Ng4 22.exd6 {#r} 1-0

[Event "Ch Berlin (team)"]
[Site "masterchessopen.com Berlin (Germany)"]
[Date "2009.11.01"]
[Round "2"]
[White "Koetz Andreas (GER)"]
[Black "Mueller Peter (GER)"]
[Result "0-1"]
[WhiteElo "2057"]
[BlackElo "1516"]

1.d4 Nf6 2.c4 g6 3.Nc3 Bg7 4.e4 d6 5.Nf3 O-O 6.Be2 e5 7.O-O Nc6 8.d5 Ne7 9.Ne1
Ne8 10.Be3 f5 11.f3 Nf6 12.c5 f4 13.Bf2 g5 14.Rc1 Bd7 15.Qb3 Kh8 16.cxd6 cxd6
17.Qxb7 g4 18.Nd3 Rg8 19.Kh1 Qe8 20.Qc7 Qh5 21.Qxd6 g3 22.Bg1 Ng6 23.Nc5 Bh3
24.Rc2 Bxg2+ {#R} 0-1

[Event "Ch Brazil (team)"]
[Site "masterchessopen.com San Jose de Rio Preto (Brazil)"]
[Round "4"]
[White "Resende Antonio Carlos (BRA)"]
[Black "Van Riemsdijk Herman C (BRA)"]
[Result "0-1"]
[WhiteElo "2365"]
[BlackElo "2370"]

1.d4 Nf6 2.Nf3 g6 3.c4 Bg7 4.Nc3 O-O 5.e4 d6 6.Be2 e5 7.O-O Nc6 8.d5 Ne7 9.Ne1
Ne8 10.Nd3 f5 11.Bd2 Nf6 12.f3 h5 13.c5 f4 14.cxd6 cxd6 15.Nf2 g5 16.h3 Ng6
17.Qc2 g4 18.fxg4 hxg4 19.hxg4 Ne8 20.Rfc1 Bf6 21.Be1 Bh4 22.Nb5 Bd7 23.Qb3
Bg3 24.Nh1 Qb6+ 25.Bf2 Bxf2+ 26.Nxf2 f3 27.gxf3 Nf4 28.Kf1 Nxe2 {#R} 0-1

[Event "Ch Bulgaria (juniors) (under 18)"]
[Site "masterchessopen.com Kazanluk (Bulgaria)"]
[Date "2005.02.14"]
[Round "4"]
[White "Evstatiev Georgi (BUL)"]
[Black "Vlashki Nino (BUL)"]
[Result "1-0"]
[WhiteElo "2072"]
[BlackElo "1870"]

1.d4 d6 2.c4 Nf6 3.Nc3 g6 4.e4 Bg7 5.Be2 O-O 6.Nf3 Nc6 7.O-O e5 8.d5 Ne7 9.Ne1
Ne8 10.Nd3 f5 11.f4 fxe4 12.Nxe4 exf4 13.Nxf4 Nf5 14.Kh1 Nd4 15.Bd3 Nf6
16.Nxf6+ Bxf6 17.Bd2 Be5 18.Qe1 Nf5 19.Rb1 Re8 20.Qf2 Bd4 21.Qf3 Be3 22.Bxf5
Bxd2 23.Be6+ Kh8 24.Nxg6+ Kg7 25.Qf7+ Kh6 26.Nf8 Bxe6 27.Qxh7+ Kg5 28.Nxe6+
{#r} 1-0

[Event "Ch Chess Club"]
[Site "masterchessopen.com Lvov (Ukraine)"]
[Round "0"]
[White "Litynska Marta (UKR)"]
[Black "Privalov Vladimir (UKR)"]
[Result "1-0"]
[WhiteElo "2335"]
[BlackElo "2174"]

1.d4 Nf6 2.c4 g6 3.Nc3 Bg7 4.e4 O-O 5.Be2 d6 6.Nf3 e5 7.O-O Nc6 8.d5 Ne7 9.Ne1
Ne8 10.Nd3 f5 11.Bd2 Nf6 12.f3 a5 13.c5 c6 14.cxd6 Qxd6 15.Be3 cxd5 16.Bc5 Qc7
17.exd5 Nexd5 18.Nxd5 Nxd5 19.Bxf8 Kxf8 20.Qb3 Ne7 21.Rac1 Nc6 22.Rfd1 Bh6
23.f4 e4 24.Qc3 exd3 25.Qh8+ Kf7 26.Bxd3 Bg7 27.Bc4+ Kf6 28.Qg8 Qxf4 29.Qf7+
Kg5 30.Qxg7 Ne5 31.Rc3 Ng4 32.Qe7+ {#r} 1-0

[Event "Ch Chess Club"]
[Site "masterchessopen.com Lvov (Ukraine)"]
[Round "0"]
[White "Popovich Sviatoslav (UKR)"]
[Black "Kravets Ivan (UKR)"]
[Result "1-0"]
[WhiteElo "2233"]
[BlackElo "2202"]

1.Nf3 Nf6 2.c4 g6 3.Nc3 Bg7 4.e4 d6 5.d4 O-O 6.Be2 e5 7.O-O Nc6 8.d5 Ne7 9.Ne1
Ne8 10.Nd3 f5 11.Bd2 Nf6 12.f3 c5 13.Rb1 f4 14.b4 cxb4 15.Rxb4 Nd7 16.Nb5 Rf6
17.Ra4 Bf8 18.Ba5 Nb6 19.Rb4 Qd7 20.c5 Nc4 21.cxd6 Nxa5 22.Nxe5 Qd8 23.dxe7
Bxe7 24.Rb1 Bc5+ 25.Kh1 g5 26.Qc2 Qf8 27.Ng4 Bxg4 28.fxg4 Rh6 29.Rf3 a6 {#r}
1-0

[Event "Ch City"]
[Site "masterchessopen.com Reykjavik (Iceland)"]
[Date "2008.01.13"]
[Round "4"]
[White "Benediktsson Frimann (ISL)"]
[Black "Sigurdsson Pall (ISL)"]
[Result "0-1"]
[WhiteElo "1966"]
[BlackElo "1867"]

1.d4 Nf6 2.c4 g6 3.Nc3 Bg7 4.e4 d6 5.Be2 O-O 6.Nf3 Nc6 7.O-O e5 8.d5 Ne7 9.Ne1
Ne8 10.Be3 f5 11.f3 f4 12.Bf2 g5 13.c5 Kh8 14.Rc1 Ng8 15.Qb3 h5 16.cxd6 cxd6
17.Nb5 a6 18.Nc7 Nxc7 19.Bb6 Rf7 20.Qc2 g4 21.Bxc7 Qh4 22.fxg4 hxg4 23.Qd3 f3
24.gxf3 g3 25.hxg3 Qxg3+ 26.Ng2 Bh3 27.Rf2 Rc8 {#R} 0-1

[Event "Ch City (open)"]
[Site "masterchessopen.com Cologne (Germany)"]
[Round "7"]
[White "Huhndorf Arnold (GER)"]
[Black "Boutko Dimitri (GER)"]
[Result "1-0"]
[WhiteElo "2277"]
[BlackElo "2148"]

1.d4 Nf6 2.c4 g6 3.Nc3 Bg7 4.e4 d6 5.Be2 O-O 6.Nf3 e5 7.O-O Nc6 8.d5 Ne7 9.Ne1
Ne8 10.Be3 f5 11.f3 Nf6 12.c5 f4 13.Bf2 g5 14.cxd6 cxd6 15.a4 Ng6 16.a5 Rf7
17.Nb5 a6 18.Bb6 Qe7 19.Nc7 Rb8 20.Rc1 Bd7 21.Qb3 Rc8 22.Nd3 g4 23.Ne6 gxf3
24.Rxc8+ Bxc8 25.gxf3 Ne8 26.Bd8 Qd7 27.Rc1 b5 28.axb6 a5 29.Nf2 Qb7 30.Bb5
Bd7 31.Bc6 Qb8 32.Qb5 Qb7 33.Bxb7 Bxb5 34.Bc6 Bxc6 35.dxc6 {#r} 1-0